Risk of Rain 2 - Environments - Statistics

General Stats
  • This quiz has been taken 55 times
  • The average score is 22 of 34
Answer Stats
Hint Hint Answer % Correct
Hidden Realms Base Game Bazaar Between Time
85%
Hidden Realms Base Game Void Fields
82%
Main Environments Base Game Titanic Plains
79%
Hidden Realms Base Game A Moment, Fractured
77%
Hidden Realms Base Game A Moment, Whole
77%
Main Environments Base Game Commencement
77%
Main Environments Base Game Rallypoint Delta
74%
Main Environments Base Game Sky Meadow
74%
Main Environments Base Game Abyssal Depths
72%
Hidden Realms Survivors of the Void The Planetarium
72%
Hidden Realms Base Game Bulwark's Ambry
69%
Hidden Realms Seekers of the Storm Bulwark's Ambry (Aphelian Research)
69%
Hidden Realms Seekers of the Storm Bulwark's Ambry (Tar Research)
69%
Hidden Realms Seekers of the Storm Bulwark's Ambry (Wisp Research)
69%
Main Environments Base Game Distant Roost
69%
Main Environments Seekers of the Storm Prime Meridian
69%
Main Environments Base Game Siren's Call
69%
Main Environments Base Game Wetland Aspect
69%
Main Environments Survivors of the Void Aphelian Sanctuary
67%
Hidden Realms Base Game Gilded Coast
67%
Main Environments Base Game Scorched Acres
67%
Main Environments Base Game Sundered Grove
67%
Hidden Realms Survivors of the Void Void Locus
67%
Main Environments Seekers of the Storm Helminth Hatchery
62%
Main Environments Base Game Abandoned Aqueduct
59%
Main Environments Survivors of the Void Siphoned Forest
59%
Main Environments Survivors of the Void Sulfur Pools
59%
Main Environments Base Game Verdant Falls
59%
Main Environments Seekers of the Storm Reformed Altar
54%
Main Environments Seekers of the Storm Treeborn Colony
54%
Main Environments Seekers of the Storm Shattered Abodes
51%
Main Environments Seekers of the Storm Golden Dieback
41%
Main Environments Seekers of the Storm Disturbed Impact
31%
Main Environments Seekers of the Storm Viscous Falls
31%
No matching quizzes found
Score Distribution
Percent of People with Each Score
Percentile by Number Answered
Your Score History
You have not taken this quiz